Children of different worlds : the formation of social behavior

Αποθηκεύτηκε σε:
Λεπτομέρειες βιβλιογραφικής εγγραφής
Κύριος συγγραφέας: Whiting, Beatrice Blyth
Άλλοι συγγραφείς: Edwards, Carolyn P.
Μορφή: Βιβλίο
Γλώσσα:English
Δημοσίευση: Cambridge, Massachusetts : Harvard University Press, 1992
Θέματα:
Ετικέτες: Προσθήκη ετικέτας
Δεν υπάρχουν, Καταχωρήστε ετικέτα πρώτοι!

MARC

LEADER 00000nam a2200000 i 4500
001 1/92803
008 991116s1992 eng d
020 |a 0-674-11617-8 
035 |l 10054184 
040 |a GR-MY-UA  |b gre  |e aacr 
041 0 |a eng 
082 0 |a 303.32 
100 1 |a Whiting, Beatrice Blyth. 
245 1 0 |a Children of different worlds :  |b the formation of social behavior /  |c Beatrice Blyth Whiting, Carolyn Pope Edwards 
260 |a Cambridge, Massachusetts :   |b Harvard University Press,   |c 1992 
300 |a 337 p. 
650 0 0 |a Socialization  |x Cross-cultural studies. 
650 0 0 |a Social interaction in children  |x Cross-cultural studies. 
650 0 0 |a Mother and child  |x Cross-cultural studies. 
650 0 0 |a Childhood friendships  |x Cross-cultural studies. 
700 1 |a Edwards, Carolyn P. 
852 |a INST  |b RHODES  |e 19991116  |h 303.32 WHI  |p 005400012291  |q 005400012291  |t BK  |y 0 
901 |a BIBL4-1999-3 
909 |a Ρ  |b 068833 
922 |a 4ΕΛΗ  |b 199909  |c ΚΠΣ/154  |d GLORY BOOKS 
970 |a ΚΟΥΛΑΚΙΟΤΗ  |b ΛΙΤΣΑ  |z 1999/11/16